| 000 | 00533nam a2200169 i 4500 | ||
|---|---|---|---|
| 001 | 96687 | ||
| 003 | ES-MaACL | ||
| 005 | 20230906181947.0 | ||
| 007 | t| | ||
| 008 | 050629s1927 it ||||1| spa d | ||
| 100 | 1 |
_aMallart y Cutó, José. _975793 |
|
| 245 | 1 | 3 |
_aLa distribución científica del personal y la prevención de accidentes del trabajo / _cJosé Mallart y Cutó. |
| 260 |
_aRoma : _b[s.n.], _c1927. |
||
| 300 |
_a8 p. ; _c30 cm. |
||
| 500 | _aIII Congreso de Organización de Trabajo. | ||
| 852 |
_aES-MaACL _j1711-F-17 |
||
| 999 |
_c96687 _d96687 |
||